Every Country and Capital in The World - Statistics

General Stats
  • This quiz has been taken 8 times
  • The average score is 166 of 392
Answer Stats
Hint Answer % Correct
Country United States of America
83%
Country Andorra
67%
Country Belize
67%
Country Bulgaria
67%
Country Canada
67%
Country Chad
67%
Country Cyprus
67%
Country Denmark
67%
Country Dominica
67%
Country Dominican Republic
67%
Country Eritrea
67%
Country France
67%
Country Italy
67%
Country Jamaica
67%
Capital Lisbon
67%
Capital London
67%
Capital Madrid
67%
Country Malta
67%
Country Mexico
67%
Capital Mexico City
67%
Country Moldova
67%
Capital Moscow
67%
Capital Nicosia
67%
Capital Ottawa
67%
Capital Paris
67%
Country Portugal
67%
Country Romania
67%
Capital Rome
67%
Country Russia
67%
Capital | Country San Marino
67%
Country Sierra Leone
67%
Country Spain
67%
Country Ukraine
67%
Country United Kingdom
67%
Capital Valletta
67%
Country Vanuatu
67%
Country Vatican CIty
67%
Capital Vatican City
67%
Capital Warsaw
67%
Capital Washington D.C.
67%
Capital Addis Ababa
50%
Country Afghanistan
50%
Country Albania
50%
Country Algeria
50%
Capital Amman
50%
Capital Amsterdam
50%
Capital Andorra la Vella
50%
Country Angola
50%
Capital Ankara
50%
Country Antigua and Barbuda
50%
Country Argentina
50%
Capital Athens
50%
Country Austria
50%
Country Azerbaijan
50%
Capital Baghdad
50%
Country Bahamas
50%
Capital Baku
50%
Capital Bangkok
50%
Country Bangladesh
50%
Country Barbados
50%
Capital Beijing
50%
Capital Beirut
50%
Country Belarus
50%
Country Belgium
50%
Capital Berlin
50%
Capital Bern
50%
Country Bhutan
50%
Country Bolivia
50%
Country Bosnia and Herzegovina
50%
Country Botswana
50%
Capital Brasilia
50%
Country Brazil
50%
Capital Brussels
50%
Capital Bucharest
50%
Capital Budapest
50%
Capital Buenos Aires
50%
Country Burundi
50%
Capital Cairo
50%
Country Cameroon
50%
Capital Canberra
50%
Country Central African Republic
50%
Country Chile
50%
Country China
50%
Capital Ciudad de la Paz
50%
Country Colombia
50%
Country Comoros
50%
Capital Copenhagen
50%
Country Costa Rica
50%
Country Cote d'Ivoire
50%
Country Croatia
50%
Country Cuba
50%
Country Czech Republic
50%
Capital Damascus
50%
Capital Dhaka
50%
Capital | Country Djibouti
50%
Capital Dublin
50%
Country Ecuador
50%
Country Egypt
50%
Country El Salvador
50%
Country Equatorial Guinea
50%
Country Estonia
50%
Country Eswatini
50%
Country Ethiopia
50%
Country Fiji
50%
Country Finland
50%
Country Gambia
50%
Capital Georgetown
50%
Country Georgia
50%
Country Germany
50%
Country Ghana
50%
Country Greece
50%
Country Grenada
50%
Country Guatemala
50%
Capital Guatemala City
50%
Country Guinea
50%
Country Guinea-Bissau
50%
Country Guyana
50%
Country Haiti
50%
Capital Hanoi
50%
Capital Harare
50%
Capital Havana
50%
Country Hungary
50%
Country Iceland
50%
Country Iran
50%
Country Iraq
50%
Country Ireland
50%
Capital Islamabad
50%
Country Israel
50%
Capital Jakarta
50%
Country Japan
50%
Capital Jerusalem
50%
Country Jordan
50%
Capital Kabul
50%
Capital Kathmandu
50%
Country Kazakhstan
50%
Country Kenya
50%
Capital Kingston
50%
Capital Kingstown
50%
Country Kosovo
50%
Country Kuwait
50%
Capital Kuwait City
50%
Capital Kyiv
50%
Country Kyrgyzstan
50%
Country Laos
50%
Country Latvia
50%
Country Lebanon
50%
Country Lesotho
50%
Country Liberia
50%
Country Libya
50%
Country Liechtenstein
50%
Capital Lima
50%
Country Lithuania
50%
Capital | Country Luxembourg
50%
Country Madagascar
50%
Country Malawi
50%
Country Malaysia
50%
Country Maldives
50%
Country Mali
50%
Capital Manila
50%
Country Marshall Islands
50%
Country Mauritania
50%
Capital Minsk
50%
Capital | Country Monaco
50%
Country Mongolia
50%
Country Montenegro
50%
Capital Montevideo
50%
Country Morocco
50%
Country Mozambique
50%
Country Myanmar
50%
Capital Nairobi
50%
Country Namibia
50%
Country Nauru
50%
Country Nepal
50%
Country Netherlands
50%
Country New Zealand
50%
Country Niger
50%
Country Nigeria
50%
Country North Korea
50%
Country North Macedonia
50%
Country Norway
50%
Country Oman
50%
Capital Oslo
50%
Country Pakistan
50%
Country Palau
50%
Country Panama
50%
Capital Panama City
50%
Country Papua New Guinea
50%
Country Paraguay
50%
Country Peru
50%
Country Philippines
50%
Country Poland
50%
Capital Prague
50%
Capital Reykjavik
50%
Capital Riga
50%
Country Saint Kitts and Nevis
50%
Country Saint Lucia
50%
Country Saint Vincent and the Grenadines
50%
Country Samoa
50%
Capital Santiago
50%
Capital Sarajevo
50%
Capital Seoul
50%
Country Seychelles
50%
Capital | Country Singapore
50%
Capital Skopje
50%
Country Slovakia
50%
Country Slovenia
50%
Capital Sofia
50%
Country Solomon Islands
50%
Country South Africa
50%
Country South Korea
50%
Country South Sudan
50%
Country Sri Lanka
50%
Capital Stockholm
50%
Country Sudan
50%
Country Suriname
50%
Country Sweden
50%
Country Switzerland
50%
Country Syria
50%
Country Taiwan
50%
Capital Tallinn
50%
Country Tanzania
50%
Capital Tehran
50%
Country Thailand
50%
Country Timor-Leste
50%
Capital Tirana
50%
Country Togo
50%
Capital Tokyo
50%
Country Tonga
50%
Capital Tripoli
50%
Capital Tunis
50%
Country Tunisia
50%
Country Turkey
50%
Country Turkmenistan
50%
Country Uganda
50%
Capital Ulaanbaatar
50%
Country United Arab Emirates
50%
Country Uruguay
50%
Country Uzbekistan
50%
Country Venezuela
50%
Capital Vienna
50%
Country Vietnam
50%
Capital Vilnius
50%
Capital Wellington
50%
Country Yemen
50%
Capital Zagreb
50%
Country Zambia
50%
Country Zimbabwe
50%
Capital Abu Dhabi
33%
Capital Accra
33%
Capital Algiers
33%
Capital Antananarivo
33%
Country Armenia
33%
Capital Asmara
33%
Capital Astana
33%
Country Bahrain
33%
Capital Belmopan
33%
Country Benin
33%
Capital Bogota
33%
Capital Bratislava
33%
Country Brunei
33%
Country Burkina Faso
33%
Country Cambodia
33%
Country Cape Verde
33%
Capital Caracas
33%
Capital Chisinau
33%
Capital Dakar
33%
Capital Doha
33%
Capital Freetown
33%
Country Gabon
33%
Country Honduras
33%
Country Indonesia
33%
Capital Kampala
33%
Capital Khartoum
33%
Capital Kigali
33%
Capital Kinshasa
33%
Country Kiribati
33%
Capital Libreville
33%
Capital Male
33%
Country Mauritius
33%
Country Micronesia
33%
Capital Mogadishu
33%
Capital Nassau
33%
Country Nicaragua
33%
Country Palestine
33%
Capital Palikir
33%
Capital Phnom Penh
33%
Capital Port-au-Prince
33%
Capital Port Moresby
33%
Country Qatar
33%
Capital Quito
33%
Capital Rabat
33%
Capital Riyadh
33%
Country Rwanda
33%
Capital San Salvador
33%
Capital Santo Domingo
33%
Capital São Tomé
33%
Country São Tomé and Principé
33%
Country Saudi Arabia
33%
Country Senegal
33%
Country Serbia
33%
Country Somalia
33%
Capital Suva
33%
Capital Taipei
33%
Country Tajikistan
33%
Capital Tbilisi
33%
Country Trinidad and Tobago
33%
Country Tuvalu
33%
Capital Vaduz
33%
Capital Victoria
33%
Capital Vientiane
33%
Capital Windhoek
33%
Capital Yaounde
33%
Capital Abuja
17%
Capital Apia
17%
Capital Ashgabat
17%
Capital Asuncion
17%
Capital Bamako
17%
Capital Bandar Seri Begawan
17%
Capital Bangui
17%
Capital Banjul
17%
Capital Belgrade
17%
Capital Bishkek
17%
Capital Bissau
17%
Capital Brazzaville
17%
Capital Bridgetown
17%
Capital Castries
17%
Country Congo, Democratic Republic of the
17%
Country Congo, Republic of the
17%
Capital Dili
17%
Capital Dodoma
17%
Capital Dushanbe
17%
Capital Funafuti
17%
Capital Gaborone
17%
Capital Gitega
17%
Capital Honiara
17%
Capital Juba
17%
Capital Kuala Lumpur
17%
Capital Lilongwe
17%
Capital Ljubljana
17%
Capital Lomé
17%
Capital Luanda
17%
Capital Lusaka
17%
Capital Majuro
17%
Capital Managua
17%
Capital Manama
17%
Capital Maputo
17%
Capital Maseru
17%
Capital Monrovia
17%
Capital Moroni
17%
Capital Muscat
17%
Capital Naypyidaw
17%
Capital N'Djamena
17%
Capital Ngerulmud
17%
Capital Niamey
17%
Capital Nouakchott
17%
Capital Nuku'alofa
17%
Capital Ouagadougou
17%
Capital Paramaribo
17%
Capital Podgorica
17%
Capital Port Louis
17%
Capital Port of Spain
17%
Capital Porto-Novo
17%
Capital Port Villa
17%
Capital Praia
17%
Capital Pristina
17%
Capital Pyongyang
17%
Capital Roseau
17%
Capital Saint George's
17%
Capital Sana'a
17%
Capital San Jose
17%
Capital Sri Jayawardenepura Kotte
17%
Capital St. John's
17%
Capital Tarawa
17%
Capital Tashkent
17%
Capital Tegucigalpa
17%
Capital Thimphu
17%
Capital Yamoussoukro
17%
Capital Yerevan
17%
Country Austrailia
0%
Capital Bassaterre
0%
Capital Cape Town, Pretoria, and Bloemfontein
0%
Capital Conkary
0%
Capital Helsinski
0%
Capital Jerusalem (East)
0%
Capital Mbabane, Lobamba
0%
Capital Sucre, La Paz
0%
Capital Yaren District
0%
No matching quizzes found
Score Distribution
Percent of People with Each Score
Percentile by Number Answered
Your Score History
You have not taken this quiz